000 00461nam a2200181Ia 4500
003 GCL
008 140319s9999 xx 000 0 eng d
040 _aGCL /
_cGCL
082 0 4 _aCH
_b372.241
_bW E
100 1 _aWHITEFORD, RONA
245 1 0 _aMY HOME /
_cWHITEFORD, RONA
260 _a[S.N] :
_bWORLD INTERNATIONAL PUBLISHING ،
_c1990
650 0 4 _aLITERATURE
650 0 4 _aCHILDREN
650 0 4 _aTALES
650 0 4 _aCHILDREN - STORIES
942 _2ddc
_cBK
999 _c18036
_d18036